| 000 | 00836nam a22002777i 4500 | ||
|---|---|---|---|
| 003 | EG-ScBUE | ||
| 005 | 20230206081029.0 | ||
| 008 | 200219s2016 ko a f 000 0 eng d | ||
| 020 | _a9788972121749 | ||
| 040 |
_aEG-ScBUE _beng _erda _cEG-ScBUE _dEG-ScBUE |
||
| 041 | 0 |
_aeng _achi |
|
| 043 | _aa-ko--- | ||
| 082 | 0 | 4 |
_222 _a747.09519 _bANN |
| 245 | 0 | 0 | _a2016 Annual Interior Detail 23. |
| 264 | 1 |
_aSeoul, Korea : _bA & C Publishing, _c2016. |
|
| 300 |
_a280 pages : _bcolor illustrations ; _c30 cm |
||
| 336 |
_2rdacontent _atext _btxt |
||
| 337 |
_2rdamedia _aunmediated _bn |
||
| 338 |
_2rdacarrier _avolume _bnc |
||
| 546 | _aText in English and Chinese. | ||
| 650 | 7 |
_aInterior architecture _zKorea (South) _2BUEsh |
|
| 653 |
_bENGARC _cJanuary2023 |
||
| 655 | _vReading book | ||
| 942 |
_2ddc _cBB |
||
| 999 |
_c30091 _d30062 |
||